000 00555nam a2200193Ia 4500
999 _c40848
_d40848
003 GCL
005 20240530103558.0
008 140319s9999 xx 000 0 ara d
040 _aGCL /
_cGCL
082 0 4 _a320.9
_bج ج
100 1 _aجمال الشرقاوى
245 1 0 _aجولدووتر اله الحرب الجديد /
_cجمال الشرقاوى
300 _a27
490 _aكتاب
_v0
650 0 4 _aمصر
650 0 4 _aالاحوال السياسية
650 0 4 _aالولايات المتحدة الامريكية
942 _2ddc
_cBK